Countries with the Most Unpaved Airport Runways - Statistics

General Stats
  • This quiz has been taken 21 times
  • The average score is 19 of 25
Answer Stats
# Answer % Correct
624 Russia
100%
8,459 United States
100%
977 Argentina
95%
3,395 Brazil
95%
944 Canada
95%
391 Chile
95%
1,471 Mexico
95%
834 Bolivia
90%
715 Colombia
90%
172 Democratic Republic of the Congo
86%
487 Indonesia
86%
179 Iran
86%
277 South Africa
86%
317 Venezuela
86%
784 Paraguay
81%
189 United Kingdom
81%
328 Ecuador
76%
170 France
71%
540 Papua New Guinea
67%
221 Germany
62%
181 Kenya
62%
275 Guatemala
57%
156 Tanzania
57%
179 Zimbabwe
38%
158 Philipines
0%
No matching quizzes found
Score Distribution
Percent of People with Each Score
Percentile by Number Answered
Your Score History
You have not taken this quiz